=LDR 00000nam 2200000 4500 =001 INLIS000000000016742 =005 20130612112007 =008 ***********************************Ind** =035 ##$$0010-061300000016742 =041 ##$$a Ind =082 ##$$a 808.51 =090 ##$$a 808.51, Mub c =100 ##$$a Mubin, H. Helmi Abdul =245 ##$$a Contoh pidata masa kini, H. Helmi Abdul Mubin LC =260 ##$$a 2002 $b Jakarta =300 ##$$a 222 hlm, 15 cm =650 ##$$a Pidato =850 ##$$a NBPNMAT